El papel de las redes de investigación y de los programas de cooperación regional en el contexto de los noventas /

El texto examina el rol fundamental que desempeñan las redes de investigación y los programas de cooperación regional en el contexto de los años noventa. Escrito por Eduardo J. Trigo, el autor analiza cómo estas estructuras colaborativas han sido instrumentos clave para abordar desafíos comunes en á...

Ful tanımlama

Kaydedildi:
Detaylı Bibliyografya
Yazar: Trijo, Eduardo J.
Materyal Türü: Bilinmiyor
Dil:Spanish
Baskı/Yayın Bilgisi: Costa Rica: IICA. Programa II Generación y Transferencia de Tecnología
Seri Bilgileri:Serie Publicaciones Misceláneas n° A1/SC-93-17
Konular:
Etiketler: Etiketle
Etiket eklenmemiş, İlk siz ekleyin!

MARC

LEADER 00000 a2200000 04500
001 48089
003 cru CIDCAS/IIS
005 20231020062601.0
008 050615s1993 cr spa d
040 |c cru CIDCAS/IIS 
090 |a 07.06.01 T828p 
100 |a Trijo, Eduardo J.  
245 |a El papel de las redes de investigación y de los programas de cooperación regional en el contexto de los noventas /   |c Eduardo J. Trigo  
260 |a Costa Rica:   |b IICA. Programa II Generación y Transferencia de Tecnología  
300 |a 27 páginas  
440 |a Serie Publicaciones Misceláneas   |x ISSN 0534-5391 ;   |v n° A1/SC-93-17  
520 |a El texto examina el rol fundamental que desempeñan las redes de investigación y los programas de cooperación regional en el contexto de los años noventa. Escrito por Eduardo J. Trigo, el autor analiza cómo estas estructuras colaborativas han sido instrumentos clave para abordar desafíos comunes en áreas como la tecnología, la innovación y el desarrollo en América Latina. El texto resalta cómo estas redes y programas han permitido la transferencia de conocimientos y tecnologías entre países, promoviendo la colaboración y la construcción conjunta de soluciones a problemas regionales. A través de ejemplos concretos, se ilustra cómo estas iniciativas han impulsado el crecimiento y la competitividad de la región en un momento de cambio y transformación. El análisis subraya la importancia de la cooperación y el intercambio de experiencias para el desarrollo sostenible y el fortalecimiento de capacidades en América Latina. RAR 01/2023 
650 0 |a COOPERACION REGIONAL  |9 2850 
650 0 |2 OCDE  |9 2887  |a REDES DE INVESTIGACION 
650 0 |2 OCDE  |9 1388  |a TRANSFERENCIA DE TECNOLOGIA 
650 0 |2 OCDE  |9 2049  |a DESARROLLO SOSTENIBLE 
650 0 |2 OCDE  |9 5318  |a INNOVACIONES 
650 0 |2 UNESCO  |9 2849  |a DESARROLLO REGIONAL 
942 |2 z  |c LI  |h 07.06.01 T828p  |i 16277  |6 070601_T828P_16277 
999 |c 17140  |d 17140